00381nam a2200133 a 4500008004100000050001900041100001800060245006200078260003500140300001600175350000900191650003500200650001200235120416s1979 ||||||||||||||||| || u aGR 113.566 Spr aSpray, Carole10aWill O' the Wisp: folk tales and legends of New Brunswick aFrederictonbBrunswick Pc1979 axiii, 132p. a0.00 aTales, Medieval--New Brunswick aCULTURE